[Event "Hastings Masters op 86th"]
[Site "Hastings"]
[Date "2011.01.01"]
[Round "5"]
[White "Knott, Simon JB"]
[Black "Roelvaag, Mikael"]
[Result "1/2-1/2"]
[WhiteElo "2333"]
[BlackElo "2179"]
[PlyCount "52"]
[EventDate "2010.12.28"]
[EventType "swiss"]
[EventRounds "9"]
[EventCountry "ENG"]
[SourceTitle "CBM 140 Extra"]
[Source "ChessBase"]
[SourceDate "2011.03.01"]
[SourceVersion "1"]
[SourceVersionDate "2011.03.01"]
[SourceQuality "1"]

1. Nf3 c5 2. c4 g6 3. e4 Nc6 4. d4 cxd4 5. Nxd4 Nf6 6. Nc3 d6 7. Be2 Bg7 8. Be3 0-0 9. 0-0 Nxd4 10. Bxd4 Bd7 11. Qd3 a5 12. b3 Bc6 13. a3 Nd7 14. Bxg7 Kxg7 15. b4 axb4 16. axb4 b6 17. f4 Kg8 18. h4 Qc7 19. h5 Rxa1 20. Rxa1 Ra8 21. Rxa8+ Bxa8 22. h6 Bc6 23. Bg4 Nf6 24. Bf3 Nd7 25. Bg4 Nf6 26. Bf3 Nd7 1/2-1/2

[Event "Hastings Masters op 86th"]
[Site "Hastings"]
[Date "2010.12.28"]
[Round "1"]
[White "Gibson, Christopher A"]
[Black "Knott, Simon JB"]
[Result "1/2-1/2"]
[WhiteElo "1984"]
[BlackElo "2333"]
[PlyCount "57"]
[EventDate "2010.12.28"]
[EventType "swiss"]
[EventRounds "9"]
[EventCountry "ENG"]
[SourceTitle "CBM 140 Extra"]
[Source "ChessBase"]
[SourceDate "2011.03.01"]
[SourceVersion "1"]
[SourceVersionDate "2011.03.01"]
[SourceQuality "1"]

1. d4 Nf6 2. c4 g6 3. Nc3 d5 4. cxd5 Nxd5 5. e4 Nxc3 6. bxc3 Bg7 7. Nf3 c5 8. Rb1 0-0 9. Be2 Nc6 10. d5 Bxc3+ 11. Bd2 Bxd2+ 12. Qxd2 Na5 13. h4 Bg4 14. Ng5 Bxe2 15. Kxe2 h6 16. h5 hxg5 17. hxg6 Qd6 18. gxf7+ Rxf7 19. Qxa5 Rxf2+ 20. Kxf2 Qf4+ 21. Ke2 Qxe4+ 22. Kd2 Rf8 23. Rbf1 Qxg2+ 24. Ke1 Qe4+ 25. Kd1 Qd3+ 26. Ke1 Qe3+ 27. Kd1 Qd3+ 28. Ke1 Qe3+ 29. Kd1 1/2-1/2